00000000nam 2200000zi 4500
0019.954315
003CaOODSP
00520250820113530
006m     o  d f      
007cr mn ||||||||
008250820e20240918oncd    obs  f000 0 fre d
040 |aCaOODSP|bfre|erda|cCaOODSP
043 |an-cn---
0861 |aCS82-003/2024-9-2F-PDF
1001 |aBader, Danielle, |eauteur.
24510|aComprendre les expériences de mauvais traitements non physiques infligés pendant l’enfance au Canada : |bquels sont les liens avec les idées suicidaires et les troubles de santé mentale? / |cpar Danielle Bader et Kristyn Frank.
264 1|a[Ottawa] : |bStatistique Canada = Statistics Canada, |cle 18 septembre 2024.
264 4|c©2024
300 |a1 ressource en ligne (pages 17-29) : |bgraphiques.
336 |atexte|btxt|2rdacontent/fre
337 |ainformatique|bc|2rdamedia/fre
338 |aressource en ligne|bcr|2rdacarrier/fre
4901 |aRapports sur la santé, |x1209-1375 ; |vvol. 35, no. 9, [2]
500 |aPublié aussi en anglais sous le titre : Understanding experiences of non-physical maltreatment in childhood in Canada : what is the relationship with suicidal ideation and mental health disorders?
504 |aComprend des références bibliographiques (pages 28-29).
520 |a« La violence physique et sexuelle subie pendant l’enfance est associée aux idées suicidaires et à des troubles de santé mentale. Or, on en sait peu sur les types de mauvais traitements non physiques. La présente étude traite donc des liens entre les types de mauvais traitements non physiques infligés pendant l’enfance (p. ex. la violence psychologique, l’agression interpersonnelle, l’exposition à de la violence physique entre partenaires intimes et la négligence psychologique ou physique) et les idées suicidaires et les troubles de santé mentale » -- Page 17.
650 6|aEnfants|xViolence envers|zCanada|vStatistiques.
650 6|aMaladies mentales|zCanada|vStatistiques.
655 7|aStatistiques|2rvmgf
7102 |aStatistique Canada, |eorganisme de publication.
77508|tUnderstanding experiences of non-physical maltreatment in childhood in Canada : |w(CaOODSP)9.954310
830#0|aRapports sur la santé (Collection)|x1209-1375 ; |vvol. 35, no. 9, [2].|w(CaOODSP)9.950257
85640|qPDF|s505 Ko|uhttps://publications.gc.ca/collections/collection_2025/statcan/82-003-x/CS82-003-2024-9-2-fra.pdf
85641|qHTML|sS.O.|uhttps://www150.statcan.gc.ca/n1/pub/82-003-x/2024009/article/00002-fra.htm